相聲專輯 : 單口對口說相聲 : 臺北市國民中小學相聲比賽優良成果專輯 . 一○八年度

資料類型: Book 圖書   書目號:56093

Leader xxxxxxxxxx
001 __ PCLIS00056093
005 __ 20201024130855.0
010 0_ |a9789865412159|b平裝
100 __ |a20200310d2019    demy0chiy09      e
101 0_ |achi
102 __ |atw
105 __ |aack z   000by
200 1_ |a相聲專輯|e單口對口說相聲 : 臺北市國民中小學相聲比賽優良成果專輯|h一○八年度|f李奕寬, 朱榮富總編輯
210 __ |a臺北市|c臺北市政府教育局|d民108.10[2019]
215 0_ |a111面|c圖, 像, 表|d21公分|e1 DVD
314 __ |a作者號取自北市教育局
516 11 |a108年度臺北市國民中小學相聲比賽優良成果專輯|zchi
517 1_ |a單口對口說相聲|zchi
517 1_ |a臺北市國民中小學相聲比賽優良成果專輯|zchi
517 1_ |a一○八年度臺北市國民中小學相聲比賽優良成果專輯|zchi
517 1_ |a相聲比賽優良成果專輯|zchi
606 __ |2cst|a相聲
606 __ |2cst|a劇本
606 __ |2cst|a作品集
681 __ |a858.9|b8647
681 __ |a863.54
701 _1 |a|b榮富|4總編輯
701 _1 |a|b奕寬|4總編輯
710 02 |a臺北市政府|b教育局
801 _0 |bCYT
801 _1 |atw|b內湖高中|c20220621|gCCR
801 _2 |atw|b內湖高中|c20220621|gCCR
詳細館藏(共 1 筆)
索 書 號登 錄 號冊次號館別 / 館藏地流通類型狀態加入預約清單電子資源
858.9 / 8647 2020825 2019 圖書館 / 一樓普通區 可外借30天 在館   

| 條列資料




目錄查詢 分類查詢 個人資料 圖書薦購 新書查詢 閉館日 排行榜 更多電子資源 Hami書城 線上資料庫 登出

From : 216.73.216.116

  本日流通累計至 06:57:48 借閱 : 0 次 續借 : 0 次 歸還 : 0 次 預約 : 0 次 電子資源 : 0 次


內湖高中圖書館  PCLIS 版本  25.5.0.2